MARC

LEADER 00000nam0a2200000 4500
001 155731
005 20231101221845.0
020 |a RU  |b 87-46650 
035 |a (RuTPU)RU\TPU\book\168911 
090 |a 155731 
100 |a 20090318d1987 de y0rusy5003 ca 
101 1 |a rus  |c fiu 
102 |a RU 
105 |a a z 000ay 
200 1 |a Человек из легенды  |e повесть   |e пер. с удм.  |f С. А. Самсонов  |g пер. В. Морозова ; худож. О. Пархаев 
210 |a Москва  |c Детская литература  |d 1987 
215 |a 189,[2] с.  |c ил. 
600 1 |a Пальшина  |b Антонина Тихоновна 
606 1 |a Удмуртская литература  |2 stltpush  |3 (RuTPU)RU\TPU\subj\62953  |9 80008 
610 1 |a Первая мировая война 1914-1918 гг. 
610 1 |a Чекисты 
610 1 |a детская литература 
610 1 |a повести 
675 |a 894.533  |v 3 
700 1 |a Самсонов  |b С. А.  |g Семен Александрович 
702 1 |a Морозова  |b В.  |4 730 
702 1 |a Пархаев  |b О.  |4 440 
801 0 |a RU  |b RuMRKP  |c 19960705  |g psbo 
801 1 |a RU  |b 63413507  |c 20090318  |g PSBO 
801 2 |a RU  |b 63413507  |c 20200605  |g PSBO 
942 |c BK